005850000a2200193000450024501060000065000160010665000220012265000150014465000220015965100340018104100130021570000180022870000220024670000200026870000250028870000170031310000210033077300400035110aArboreal and terrestrial mammal trapping on Gigante peninsula, Barro Colorado Nature Monument, Panama14aMamíferos14aFauna neotropical14aEcología14aEstratificación 4dIsla Barro ColoradopPanamá0 aInglés1 aKohler, Janis1 aMcGowan, Kevin J.1 aCedeño, Elena1 aCarbone, Lawrence G.1 aMiller, Debi1 aMcClearn, Deedra1 tBiotropica39h2q208-213d1994g26